عرض عادي
عرض مارك
مدخل Personal Name
001 - CONTROL NUMBER
- control field: 10869
003 - CONTROL NUMBER IDENTIFIER
- control field: DLC
005 - DATE AND TIME OF LATEST TRANSACTION
- control field: 20260701111512.0
008 - FIXED-LENGTH DATA ELEMENTS
- fixed length control field: 830808n| azannaabn |b aaa
010 ## - LIBRARY OF CONGRESS CONTROL NUMBER
- LC control number: n 83146883
- Canceled/invalid LC control number: n 89667840
040 ## - CATALOGING SOURCE
- Original cataloging agency: DLC
- Language of cataloging: eng
- Description conventions: rda
- Transcribing agency: DLC
- Modifying agency: DLC
- Modifying agency: OCoLC
100 1# - HEADING--PERSONAL NAME
- Personal name: غياض، محسن
400 1# - SEE FROM TRACING--PERSONAL NAME
- Personal name: Ghiyāḍ, Muḥsin
400 1# - SEE FROM TRACING--PERSONAL NAME
- Personal name: Ghayyāḍ, Muḥsin
400 1# - SEE FROM TRACING--PERSONAL NAME
- Personal name: ʻAjīl, Muḥsin Ghayāḍ
400 1# - SEE FROM TRACING--PERSONAL NAME
- Personal name: Ajeel, Muhsin Ghayadh
400 1# - SEE FROM TRACING--PERSONAL NAME
- Personal name: ʻUjayl, Muḥsin Ghayyāḍ
400 1# - SEE FROM TRACING--PERSONAL NAME
- Personal name: عغياض، محسن
400 1# - SEE FROM TRACING--PERSONAL NAME
- Personal name: غياض، محسن
400 1# - SEE FROM TRACING--PERSONAL NAME
- Personal name: محسن غياض عجيل
500 ## - SEE ALSO FROM TRACING--PERSONAL NAME
- Personal name: Ghayāḍ, Muḥsin
670 ## - SOURCE DATA FOUND
- Source citation: His Shiʻr al-Yazīdīyīn, 1973.
670 ## - SOURCE DATA FOUND
- Source citation: His al-Ṣuḥufī, al-siyāsī, al-muʼarrikh al-Najdī, Sulaymān ibn Ṣāliḥ al-Dakhīl, 1982:
- Information found: t.p. (Muḥsin Ghayāḍ ʻAjīl) add. t.p. (Dr. Muhsin Ghayadh Ajeel)
670 ## - SOURCE DATA FOUND
- Source citation: nuc89-102600: Maʻarrī, A. al-M. S. ibn A. Tafsīr abyāt al-maʻānī min ... 1979
- Information found: (hdg. on NjP rept.: ʻUjayl, Muḥsin Ghayyāḍ; usage: Muḥsin Ghayyāḍ ʻUjayl)
700 ## - ESTABLISHED HEADING LINKING ENTRY--PERSONAL NAME
- Personal name: Ghayāḍ, Muḥsin
905 ## - cataloger
- cataloger: Auth_BKS